000 01119nam a2200301 i 4500
001 145673
003 ES-MaACL
005 20250818063102.0
007 t|
008 071015q1911 fr a |r| 00110dfre d
040 _cES-MaACL
080 _a94(44)"1789/99"(093.3)
100 1 _aVernère, Xavier,
_d1775-1846
_eaut
_9114168
245 1 0 _aCahiers d'un volontaire de 91 /
_cXavier Vernère, publiés par M. X. Gerin-Roze
260 _aParis :
_bArthéme Fayard,
_c[1911]
300 _a186 páginas :
_bilustraciones (blanco y negro) ;
_c24 cm
_e
490 1 _aMémoires et souvenirs
500 _aÍndice
530 _aDisponible en formato digital
651 4 _aFrancia-
_xHistoria-
_y1789-1799, Revolución-
_vRelatos personales
_9155372
700 1 _aGerin-Roze, Xavier
_epbl
_956454
830 0 _aMémoires et souvenirs
_9183261
852 4 _aES-MaACL
_cSPAL
_jC-1105
856 4 _uhttps://gallica.bnf.fr/ark:/12148/bpt6k5756551z
_yVersión en línea
_z(Gallica. Bibliothèque nationale de France)
942 _cMONOGRAFIA
_n0
999 _c145673
_d145673